Hocklyʾs insolvency law / (Record no. 6)

MARC details
000 -LEADER
fixed length control field 00713nam a2200253 a 4500
005 - DATE AND TIME OF INPUT
control field 20230917084939.0
008 - DATA ELEMENTS--GENERAL INFORMATION
fixed length control field 970204s1996 sa k 001 0 eng
020 ## - INTERNATIONAL STANDARD BOOK NUMBER
International Standard Book Number 0702135461
082 00 - SHELF NUMBER
DDC number 346.7 HOC
245 00 - TITLE STATEMENT
Title Hocklyʾs insolvency law /
Statement of responsibility, etc. Robert Sharrock ... [et al.].
246 30 - TITLE OF BOOK (CHAPTERS)
Title of Chapter Insolvency law
250 ## - EDITION STATEMENT
Edition statement 6th ed.
260 ## - PUBLICATION, DISTRIBUTION, ETC.
Place of publication, distribution, etc. Kenwyn :
Name of publisher, distributor, etc. Juta,
Date of publication, distribution, etc. 1996.
300 ## - PHYSICAL DESCRIPTION
Other physical details forms ;
Dimensions 25 cm.
500 ## - GENERAL NOTE
General note Rev. ed. of: Hockly's insolvency law / Elmarie de la Rey. 5th ed. 1990.
500 ## - GENERAL NOTE
General note Includes index.
650 #0 - SUBJECT`
Broad subject Bankruptcy
700 1# - OTHER AUTHORS
Other authors' name Sharrock, Robert.
700 1# - OTHER AUTHORS
Other authors' name De la Rey, E. M.
700 1# - OTHER AUTHORS
Other authors' name van der Linde, K.
700 1# - OTHER AUTHORS
Other authors' name Smith, A.
942 ## - ADDED ENTRY ELEMENTS (KOHA)
Item type Books
942 ## - ADDED ENTRY ELEMENTS (KOHA)
-- EMILLIE
Holdings
Source of classification or shelving scheme Not for loan Home library Current library Shelving location Date acquired Source of acquisition Full call number Barcode Price effective from Koha item type
Dewey Decimal Classification   LAW SOCIETY OF NAMIBIA LIBRARY - WINDHOEK LAW SOCIETY OF NAMIBIA LIBRARY - WINDHOEK INSOLVENCY AND INSURANCE 09/17/2023 purchased 346.7 HOC LSN/1996/10 09/17/2023 Books